000 00691nam a22002417a 4500
001 BR7908829
003 BR-BrBNA
005 20230928090409.0
007 ta
008 230509b bl.||||| |||| 00| 0 por d
040 _aBR-BrBNA
_bpor
_cBiblioteca Nacional de Agricultura
041 _a(Por)
072 _aD50; P20
_b/G514
090 _ D50 BR7908829
110 1 _aInstituto Brasileiro de Desenvolvimento Florestal, Brasilia, DF (Brasil)
_95727
245 1 _aRegulamento dos Parques Nacionais Brasileiros
260 3 _aBrasilia, DF (Brasil):
_c1979.
300 _a12 p.
650 _aLEGISLACAO
650 _aPARQUE NACIONAL
909 _a202309
_bLucia
_c55
_dLucia Elande
942 _cBK
999 _c28694
_d28694